Statistics for Top 10 Countries by Murder Rates

Click here to take the quiz!

General Stats

  • This quiz has been taken 82 times
    (50 since last reset)
  • The average score is 6 of 10

Answer Stats

HintAnswer% Correct
90.4Honduras
87%
30.8Colombia
81%
53.7Venezuela
79%
41.2El Salvador
72%
39.9Guatemala
70%
44.7Belize
66%
31.0South Africa
66%
39.3Jamaica
51%
33.8Swaziland
23%
33.6Saint Kitts and Nevis
23%

Score Distribution

Percentile by Number Answered

Percent of People with Each Score

Your Score History

You have not taken this quiz since the last reset